Física : conceptos y aplicaciones /

Tablas, figuras y esquemas que refuerzan el aprendizaje 'Incluye un capítulo dedicado al estudio de las matemáticas necesarias para resolver cualquier problema de física 'La sección 'Estrategias de resolución de problemas' es una guía de procedimientos detallados, para resolver problemas complejos '...

Descripción completa

Detalles Bibliográficos
Autor principal: Tippens, Paul E.
Formato: Libro
Lenguaje:español
Publicado: México McGraw-Hill 2007
Edición:7a. ed.
Materias:
Acceso en línea:

MARC

LEADER 00000cam a2200000 a 4500
001 017714
003 UAHC_CL
005 20170803121529.0
008 081203s2007 mx 000 spa
020 |a 9701062604 
040 |a UAHC_CL  |c UAHC_CL  |d UAHC_CL 
082 0 4 |a 530  |b T595  |2 20 
100 1 |a Tippens, Paul E. 
245 1 0 |a Física :  |b conceptos y aplicaciones /  |c Paul E. Tippens ; Revisión técnica Ana Elizabeth García Hernández ; Traducción Ángel Carlos González Ruiz. 
250 |a 7a. ed. 
260 |b McGraw-Hill  |a México  |c 2007 
300 |a xvii, 782 p. 
520 |a Tablas, figuras y esquemas que refuerzan el aprendizaje 'Incluye un capítulo dedicado al estudio de las matemáticas necesarias para resolver cualquier problema de física 'La sección 'Estrategias de resolución de problemas' es una guía de procedimientos detallados, para resolver problemas complejos 'Resúmenes detallados de los conceptos centrales explicados en el libro 'Ejemplos, problemas, preguntas de repaso, índice analítico. 
521 |a Educación tecnológica I 
521 |a Educación tecnológica II 
650 4 |a FISICA 
653 |a OB. PEDAGOGIA EN EDUCACION BASICA 
658 |a Reyes, Irene 
658 |a Lisoni, Beatriz 
900 |a 530 TIP 
942 |c BK 
952 |0 0  |1 0  |4 0  |6 530_000000000000000_TIP  |7 0  |8 General  |9 35441  |a BC  |b BC  |c General  |d 2017-08-03  |l 0  |o 530 TIP  |p 1367512  |r 2026-01-13 00:00:00  |t 1  |w 2017-08-03  |y BK 
952 |0 0  |1 0  |4 0  |6 530_000000000000000_TIP  |7 0  |8 General  |9 35442  |a BC  |b BC  |c General  |d 2017-08-03  |l 0  |o 530 TIP  |p 1367513  |r 2026-01-13 00:00:00  |t 2  |w 2017-08-03  |y BK 
952 |0 0  |1 0  |4 0  |6 530_000000000000000_TIP  |7 0  |8 General  |9 35443  |a BC  |b BC  |c General  |d 2017-08-03  |l 0  |o 530 TIP  |p 1367514  |r 2026-01-13 00:00:00  |t 3  |w 2017-08-03  |y BK 
999 |c 17714  |d 17714